000 00924cam a2200277 i 4500
001 47800
003 Mx-PuUPA
005 20250214113333.0
008 140415s2001 mx d gr 000 0 spa d
020 _a9701029356
040 _aMx-PuUPA
_bspa
_cMx-PuUPA
_dMx-PuUPA
_erda
041 0 _aspa
100 1 _aGarcía Colín, Juan,
_95020
_eautor
245 1 0 _aContabilidad de costos /
_cJuan García Colín
250 _aSegunda edición
264 1 _aMéxico, D. F. :
_bMcGraw-Hill/Interamericana Editores,
_c©2001
300 _axi, 329 páginas :
_bilustraciones ;
_c24 cm
336 _2rdacontent
_atexto
_btxt
337 _2rdamedia
_asin medio
_bn
338 _2rdacarrier
_avolumen
_bnc
650 7 _2armarc
_aContabilidad de costos
942 _2ddc
_cLI
_h657.42
_iG22
999 _c47800
_d47800